| 000 | 00580nam a2200193 u 4500 | ||
|---|---|---|---|
| 005 | 20210223131335.0 | ||
| 008 | 100803s2008 r 000 0 eng d | ||
| 020 | _a9789702010166 | ||
| 035 | _aUPN01000177216 | ||
| 049 | _aCG | ||
| 050 | 4 |
_aPN56.5 W5.6 _bL6.2 |
|
| 100 | 1 | _aLópez Ridaura, Cecilia | |
| 245 | 1 | 0 |
_aBrujas : _bpasado y presente de una perseguida / _cCecilia López Ridaura ; il. de Gabriela Podestá. |
| 260 |
_aMéxico : _bCastillo, _cc2008. |
||
| 300 |
_a75 p. : _bil. col. |
||
| 440 | 0 | _aEsonose | |
| 650 | 4 |
_aBRUJAS EN LA LITERATURA _99404 |
|
| 905 | _aLibro | ||
| 999 |
_c149319 _d149319 |
||